000 00354nam a2200133Ia 4500
008 231129s1974||||xx |||||||||||||| ||spa||
040 _bspa
082 _a940.12 P667h
100 _aPirenne Henri
245 0 _aHistoria de Europa : Desde las invasiones hasta el siglo XVI
260 _c1974
264 _aFondo de Cultura Economica
942 _2ddc
_cBKS
999 _c15080
_d15080